000
00341nam a2200169Ia 4500
003
IT-RoPAU
008
120407s9999 xx 000 0 und d
040
_a
IT-RoPAU
040
_c
IT-RoPAU
245
_a
Geografia illustrata
245
_c
AA.VV.
260
_a
Abril Cultural
300
_c
cm
490
_v
2
942
_c
BK
999
_c
515
_d
515